[Event "EU-ch Amateur U2300"]
[Site "Zagreb"]
[Date "2022.08.21"]
[Round "9"]
[White "Gal, Andrej"]
[Black "Janiszewski, Maciej"]
[Result "1-0"]
[WhiteElo "1878"]
[BlackElo "2075"]
[PlyCount "105"]
[EventDate "2022.08.14"]
[EventType "swiss"]
[EventRounds "9"]
[EventCountry "CRO"]
[SourceTitle "CBM 210 Extra"]
[Source "ChessBase"]
[SourceDate "2022.11.30"]
[SourceVersion "1"]
[SourceVersionDate "2022.11.30"]
[SourceQuality "1"]

1. d4 Nf6 2. c4 c5 3. d5 b5 4. cxb5 a6 5. b6 e6 6. Nc3 Nxd5 7. Nxd5 exd5 8. Qxd5 Nc6 9. Nf3 Be7 10. Ne5 0-0 11. Nxc6 dxc6 12. Qxd8 Rxd8 13. e3 Rb8 14. Bd2 Rxb6 15. b3 Rb8 16. Bc4 Be6 17. Rc1 Bxc4 18. Rxc4 Rd5 19. Ke2 Rbd8 20. Ba5 R8d6 21. Rhc1 Rd7 22. Be1 f5 23. Ra4 Ra7 24. Rcc4 Kf7 25. Ra5 Rd8 26. Bc3 g6 27. Rca4 Rda8 28. Bb2 Rb7 29. Ba3 Rb6 30. Bxc5 Bxc5 31. Rxc5 Ke6 32. Rd4 a5 33. f4 Ra7 34. Kd3 Kf6 35. Rd6+ Kg7 36. Rdxc6 Rd7+ 37. Kc2 Rb4 38. Rc7 Rxc7 39. Rxc7+ Kh6 40. h3 a4 41. g4 fxg4 42. hxg4 axb3+ 43. axb3 g5 44. Rc4 Rb5 45. b4 gxf4 46. exf4 Rb6 47. Kc3 Kg6 48. Re4 h5 49. gxh5+ Kxh5 50. Kc4 Kg4 51. Kc5 Rb8 52. b5 Kf5 53. Rd4 1-0

[Event "Ostrava Konik op-A"]
[Site "Ostrava"]
[Date "2019.04.28"]
[Round "2"]
[White "Janiszewski, Maciej"]
[Black "Stalmach, Richard"]
[Result "0-1"]
[WhiteElo "2145"]
[BlackElo "1991"]
[PlyCount "74"]
[EventDate "2019.04.27"]
[EventType "swiss"]
[EventRounds "9"]
[EventCountry "CZE"]
[SourceTitle "CBM 190 Extra"]
[Source "ChessBase"]
[SourceDate "2019.07.15"]
[SourceVersion "1"]
[SourceVersionDate "2019.07.15"]
[SourceQuality "1"]

1. e4 c5 2. b3 Nc6 3. Bb2 d6 4. Bb5 Bd7 5. f4 Nf6 6. Qe2 e6 7. Nf3 Be7 8. c4 a6 9. Bxc6 Bxc6 10. Nc3 Qc7 11. d4 d5 12. cxd5 exd5 13. e5 Ne4 14. Nxe4 dxe4 15. Nd2 cxd4 16. Bxd4 Rd8 17. Qe3 Bb4 18. Rd1 0-0 19. 0-0 Bb5 20. Bb6 Qc2 21. Bxd8 Bc5 22. Nc4 Bxe3+ 23. Nxe3 Qc8 24. Be7 Re8 25. Rc1 Qe6 26. Bd6 Bxf1 27. Rxf1 Qc8 28. f5 Qc3 29. Ng4 h5 30. Nf2 e3 31. Nd1 Qd4 32. Re1 e2+ 33. Nf2 Qd2 34. Bb4 Qxb4 35. Rxe2 Qd4 36. Re4 Qa1+ 37. Re1 Qxe1# 0-1

[Event "Katowice POL-HUN 6th"]
[Site "Katowice"]
[Date "2018.05.05"]
[Round "2"]
[White "Janiszewski, Maciej"]
[Black "Socko, Bartosz"]
[Result "0-1"]
[WhiteElo "2127"]
[BlackElo "2593"]
[PlyCount "54"]
[EventDate "2018.05.05"]
[EventType "swiss (rapid)"]
[EventRounds "9"]
[EventCountry "POL"]
[SourceTitle "CBM 184 Extra"]
[Source "ChessBase"]
[SourceDate "2018.06.28"]
[SourceVersion "1"]
[SourceVersionDate "2018.06.28"]
[SourceQuality "1"]

1. e4 c6 2. d4 d5 3. e5 Bf5 4. h4 h5 5. Bd3 Bxd3 6. Qxd3 e6 7. Bg5 Be7 8. Nf3 Nd7 9. Nbd2 Nh6 10. Bxh6 Rxh6 11. c4 dxc4 12. Nxc4 Nb6 13. g3 Qd5 14. Rc1 0-0-0 15. Ke2 Nxc4 16. Rxc4 Rg6 17. Rhc1 Rg4 18. b4 Kb8 19. a4 f6 20. b5 cxb5 21. axb5 fxe5 22. Qc3 Qxb5 23. Kd1 a6 24. Rc8+ Rxc8 25. Qxc8+ Ka7 26. Rc7 Rxd4+ 27. Nxd4 Qd3+ 0-1

[Event "World Amateur-ch U2300"]
[Site "Cagliari"]
[Date "2018.04.27"]
[Round "7"]
[White "Janiszewski, Maciej"]
[Black "Bukojemski, Adam"]
[Result "1/2-1/2"]
[WhiteElo "2129"]
[BlackElo "2194"]
[PlyCount "95"]
[EventDate "2018.04.22"]
[EventType "swiss"]
[EventRounds "9"]
[EventCountry "ITA"]
[SourceTitle "CBM 184 Extra"]
[Source "ChessBase"]
[SourceDate "2018.06.28"]
[SourceVersion "1"]
[SourceVersionDate "2018.06.28"]
[SourceQuality "1"]

1. e4 c5 2. c3 Nf6 3. e5 Nd5 4. d4 cxd4 5. Nf3 Nc6 6. cxd4 d6 7. exd6 Qxd6 8. Nc3 Nxc3 9. bxc3 g6 10. g3 Bg4 11. h3 Be6 12. Qa4 Bg7 13. Bg2 0-0 14. 0-0 Qd7 15. Qb5 a6 16. Qb6 Bxh3 17. Bxh3 Qxh3 18. Qxb7 Rfc8 19. Bf4 Qh5 20. Kg2 Qb5 21. Qxb5 axb5 22. Rab1 Rxa2 23. Rxb5 h6 24. Rc5 g5 25. Be3 Ra5 26. d5 Rxc5 27. Bxc5 g4 28. Nh4 Ne5 29. Bxe7 Rxc3 30. Rd1 Rd3 31. Rxd3 Nxd3 32. f4 Bf8 33. d6 Nc5 34. Nf5 h5 35. Kf2 f6 36. Ke3 Bxe7 37. dxe7 Kf7 38. Kd4 Ne6+ 39. Kd5 h4 40. gxh4 Nxf4+ 41. Kd6 Ng6 42. Nh6+ Ke8 43. Nxg4 Nxe7 44. Ke6 Ng6 45. Nxf6+ Kf8 46. h5 Nf4+ 47. Kf5 Nxh5 48. Nxh5 1/2-1/2

[Event "World Amateur-ch U2300"]
[Site "Cagliari"]
[Date "2018.04.23"]
[Round "2"]
[White "Janiszewski, Maciej"]
[Black "Taksrud, Vidar"]
[Result "1-0"]
[WhiteElo "2129"]
[BlackElo "2019"]
[PlyCount "35"]
[EventDate "2018.04.22"]
[EventType "swiss"]
[EventRounds "9"]
[EventCountry "ITA"]
[SourceTitle "CBM 184 Extra"]
[Source "ChessBase"]
[SourceDate "2018.06.28"]
[SourceVersion "1"]
[SourceVersionDate "2018.06.28"]
[SourceQuality "1"]

1. e4 c6 2. d4 d5 3. e5 c5 4. dxc5 e6 5. Nf3 Bxc5 6. Bd3 Nc6 7. 0-0 Qc7 8. Nc3 a6 9. Re1 Nge7 10. Bf4 Bd7 11. Ng5 g6 12. Bg3 Nd4 13. Qg4 Nef5 14. Nxd5 exd5 15. e6 Nxg3 16. exd7+ Kf8 17. hxg3 f5 18. Qxd4 1-0

[Event "Gibraltar Masters 16th"]
[Site "Caleta"]
[Date "2018.02.01"]
[Round "10"]
[White "Janiszewski, Maciej"]
[Black "Makka, Ioulia"]
[Result "1-0"]
[WhiteElo "2029"]
[BlackElo "2167"]
[PlyCount "55"]
[EventDate "2018.01.23"]
[EventType "swiss"]
[EventRounds "10"]
[EventCountry "GGB"]
[SourceTitle "CBM 183"]
[Source "ChessBase"]
[SourceDate "2018.03.14"]
[SourceVersion "1"]
[SourceVersionDate "2018.03.14"]
[SourceQuality "1"]

1. e4 e6 2. Nf3 d5 3. Nc3 d4 4. Ne2 c5 5. c3 dxc3 6. bxc3 Qa5 7. d4 cxd4 8. Nexd4 Bd7 9. Qb3 Nc6 10. Bd2 Qc7 11. Rb1 b6 12. Bb5 Nge7 13. 0-0 Na5 14. Qa4 Nec6 15. c4 Nxd4 16. Nxd4 Nb7 17. Bxd7+ Qxd7 18. Nb5 Ke7 19. Rfd1 Qc6 20. Bb4+ Nc5 21. Bxc5+ bxc5 22. Rd6 Qxe4 23. Rd7+ Kxd7 24. Nc3+ Qc6 25. Rb7+ Kd6 26. Qd1+ Ke5 27. Rxf7 Rb8 28. f4# 1-0

[Event "Gibraltar Challengers-B"]
[Site "Caleta"]
[Date "2018.01.30"]
[Round "4"]
[White "Janiszewski, Maciej"]
[Black "Lochte, Thomas"]
[Result "0-1"]
[WhiteElo "2029"]
[BlackElo "2169"]
[PlyCount "120"]
[EventDate "2018.01.27"]
[EventType "swiss"]
[EventRounds "5"]
[EventCountry "GGB"]
[SourceTitle "EXT 2019"]
[Source "ChessBase"]
[SourceDate "2018.10.10"]
[SourceVersion "1"]
[SourceVersionDate "2018.10.10"]
[SourceQuality "1"]

1. e4 e5 2. Nf3 Nc6 3. Bc4 Nf6 4. Ng5 d5 5. exd5 Nd4 6. c3 b5 7. Bf1 Nxd5 8. cxd4 Qxg5 9. Bxb5+ Kd8 10. 0-0 Nf4 11. Qf3 Rb8 12. dxe5 Bg4 13. Qe3 Rxb5 14. d4 Bh3 15. g3 Bxf1 16. Kxf1 Ne6 17. Qxg5+ Nxg5 18. Nc3 Rb7 19. Bxg5+ Be7 20. Bxe7+ Kxe7 21. b3 Rd8 22. Rd1 f6 23. exf6+ Kxf6 24. Ke2 Rb4 25. Ke3 g5 26. f3 h5 27. h3 Kg6 28. Rd3 a5 29. Na4 Re8+ 30. Kd2 Re7 31. Nc5 Rb8 32. a3 Rbe8 33. Ne4 g4 34. hxg4 hxg4 35. Nc3 Rh7 36. Nd5 Rh2+ 37. Kc3 Re1 38. Nf4+ Kf5 39. fxg4+ Ke4 40. Kc4 Rc2+ 41. Kb5 Rf1 42. Kxa5 Rxf4 43. Rd1 Rxg4 44. b4 Rg5+ 45. b5 c6 46. a4 cxb5 47. axb5 Ra2+ 48. Kb4 Rb2+ 49. Kc4 Rgxb5 50. d5 R2b4+ 51. Kc3 Rb1 52. Rd4+ Ke5 53. Rh4 Rc5+ 54. Kd2 Rxd5+ 55. Ke2 Kf6 56. Kf3 Rd3+ 57. Kg2 Rd2+ 58. Kf3 Rb3+ 59. Ke4 Rb4+ 60. Ke3 Rxh4 0-1

[Event "Gibraltar Masters 16th"]
[Site "Caleta"]
[Date "2018.01.27"]
[Round "5"]
[White "Pinho, Paulo Miguel"]
[Black "Janiszewski, Maciej"]
[Result "0-1"]
[WhiteElo "2186"]
[BlackElo "2029"]
[PlyCount "76"]
[EventDate "2018.01.23"]
[EventType "swiss"]
[EventRounds "10"]
[EventCountry "GGB"]
[SourceTitle "CBM 183"]
[Source "ChessBase"]
[SourceDate "2018.03.14"]
[SourceVersion "1"]
[SourceVersionDate "2018.03.14"]
[SourceQuality "1"]

1. d4 d5 2. Nf3 Nc6 3. Bf4 Bg4 4. e3 e6 5. c4 Nf6 6. Nc3 Bb4 7. a3 Bxc3+ 8. bxc3 0-0 9. Be2 dxc4 10. Qa4 Nd5 11. Qxc4 Nxf4 12. exf4 Qd5 13. Qd3 Ne7 14. 0-0 Rfd8 15. Qb1 Ng6 16. Qc1 Qe4 17. Re1 Qxf4 18. Qb2 Rab8 19. h3 Bf5 20. Bf1 Bxh3 21. Re3 Bf5 22. Nd2 Ne7 23. Nc4 Nc6 24. g3 Qg5 25. Bg2 Ne7 26. Re5 Nd5 27. Na5 c6 28. Rd1 Rdc8 29. Nc4 Qd8 30. Nd2 b5 31. Nb3 Nb6 32. Rc5 Na4 33. Qe2 Nxc5 34. Nxc5 a5 35. g4 Bg6 36. Qe5 b4 37. axb4 axb4 38. Na6 Rb5 0-1

[Event "Gibraltar Masters 16th"]
[Site "Caleta"]
[Date "2018.01.26"]
[Round "4"]
[White "Janiszewski, Maciej"]
[Black "Paramzina, Anastasya"]
[Result "0-1"]
[WhiteElo "2029"]
[BlackElo "2225"]
[PlyCount "58"]
[EventDate "2018.01.23"]
[EventType "swiss"]
[EventRounds "10"]
[EventCountry "GGB"]
[SourceTitle "CBM 183"]
[Source "ChessBase"]
[SourceDate "2018.03.14"]
[SourceVersion "1"]
[SourceVersionDate "2018.03.14"]
[SourceQuality "1"]

1. e4 c5 2. Nf3 d6 3. d4 cxd4 4. Nxd4 Nf6 5. Nc3 a6 6. Be3 e6 7. f3 h5 8. Qd2 Nbd7 9. 0-0-0 b5 10. Bxb5 axb5 11. Ndxb5 Ra6 12. f4 Be7 13. Kb1 0-0 14. Qe2 Qa5 15. a3 Bb7 16. b4 Qd8 17. e5 dxe5 18. fxe5 Nd5 19. Nxd5 exd5 20. Qxh5 g6 21. Qh3 Nxe5 22. Bd4 Bf6 23. Qg3 Nc4 24. Rd3 Bc6 25. Na7 Bd7 26. Bc5 Re8 27. b5 Be5 28. Qe1 Ra4 29. Qf1 Qb8 0-1

[Event "Gibraltar Masters 16th"]
[Site "Caleta"]
[Date "2018.01.24"]
[Round "8"]
[White "Janiszewski, Maciej"]
[Black "Papp, Petra"]
[Result "0-1"]
[WhiteElo "2029"]
[BlackElo "2324"]
[PlyCount "122"]
[EventDate "2018.01.23"]
[EventType "swiss"]
[EventRounds "10"]
[EventCountry "GGB"]
[SourceTitle "CBM 183"]
[Source "ChessBase"]
[SourceDate "2018.03.14"]
[SourceVersion "1"]
[SourceVersionDate "2018.03.14"]
[SourceQuality "1"]

1. d4 Nf6 2. Nc3 d5 3. Bg5 c5 4. Bxf6 gxf6 5. e4 dxe4 6. Bb5+ Bd7 7. Bxd7+ Qxd7 8. dxc5 f5 9. Nge2 Bg7 10. 0-0 0-0 11. f3 exf3 12. Rxf3 Qxd1+ 13. Rxd1 e6 14. Rg3 Kh8 15. b4 Nc6 16. Rd7 Nxb4 17. Rxb7 Na6 18. Na4 Rac8 19. Rxa7 Nxc5 20. Nxc5 Rxc5 21. c3 Rd5 22. Nf4 Rd2 23. Rxg7 Rb8 24. h3 Kxg7 25. Nxe6+ Kf6 26. Nd4 Rb6 27. Ra5 Rbb2 28. Ra6+ Ke7 29. Nxf5+ Kd7 30. Nh4 Rxa2 31. Rh6 Rdc2 32. Rxh7 Ke6 33. Rg7 Rxc3 34. Nf3 Kf6 35. Rg4 Ke7 36. h4 f5 37. Rg6 Rc4 38. Kh2 Raa4 39. Kh3 Rg4 40. Rb6 Ra2 41. Ne1 Re2 42. Rb1 Rg8 43. Ra1 f4 44. Ra7+ Kd6 45. Ra6+ Kc7 46. Ra1 Kd6 47. Ra6+ Kd5 48. Ra5+ Kc4 49. Ra4+ Kb5 50. Ra1 Rg3+ 51. Kh2 Rge3 52. Rb1+ Kc4 53. Rc1+ Kb3 54. Rb1+ Kc3 55. Rc1+ Kd2 56. Rc4 Kxe1 57. Rxf4 Rf2 58. Rg4 Kf1 59. Rg5 Ree2 60. Kh3 Rxg2 61. Rf5+ Ref2 0-1

[Event "Gibraltar Masters 16th"]
[Site "Caleta"]
[Date "2018.01.23"]
[Round "1"]
[White "Lou, Yiping"]
[Black "Janiszewski, Maciej"]
[Result "1-0"]
[WhiteElo "2462"]
[BlackElo "2029"]
[PlyCount "89"]
[EventDate "2018.01.23"]
[EventType "swiss"]
[EventRounds "10"]
[EventCountry "GGB"]
[SourceTitle "CBM 183"]
[Source "ChessBase"]
[SourceDate "2018.03.14"]
[SourceVersion "1"]
[SourceVersionDate "2018.03.14"]
[SourceQuality "1"]

1. e4 d5 2. exd5 Nf6 3. d4 Bg4 4. Bb5+ Nbd7 5. f3 Bf5 6. Nc3 a6 7. Ba4 b5 8. Bb3 Nb6 9. Nge2 Nbxd5 10. Nxd5 Nxd5 11. Ng3 Bg6 12. a4 e6 13. Qe2 Bb4+ 14. Kf2 Qh4 15. Rd1 0-0 16. axb5 a5 17. Kg1 Rfd8 18. Qf2 Rab8 19. Ne2 Qf6 20. c3 Bd6 21. Rxa5 c6 22. c4 Bc7 23. Ra3 Nb4 24. bxc6 Nxc6 25. Be3 Rb4 26. Nc1 Rdb8 27. d5 exd5 28. cxd5 Ne5 29. Rd2 h5 30. d6 Bxd6 31. Ra6 Nxf3+ 32. Qxf3 Bxh2+ 33. Kxh2 Qxa6 34. Bf4 Rc8 35. Rd6 Rb6 36. Rd7 Rf6 37. Qe3 Qf1 38. Ne2 Qe1 39. Bg3 Qb1 40. Bh4 Rf1 41. Ng3 Re1 42. Qf4 Kh8 43. Bxf7 Rcc1 44. Rd8+ Kh7 45. Bg8+ 1-0

[Event "Deizisau op 12th"]
[Site "Deizisau"]
[Date "2017.10.31"]
[Round "6"]
[White "Huber, Philipp"]
[Black "Janiszewski, Maciej"]
[Result "1-0"]
[WhiteElo "2212"]
[BlackElo "2113"]
[PlyCount "58"]
[EventDate "2017.10.28"]
[EventType "swiss"]
[EventRounds "7"]
[EventCountry "GER"]
[SourceTitle "CBM 181 Extra"]
[Source "ChessBase"]
[SourceDate "2017.12.12"]
[SourceVersion "1"]
[SourceVersionDate "2017.12.12"]
[SourceQuality "1"]

1. d4 d5 2. Bg5 h6 3. Bh4 c5 4. dxc5 g5 5. Bg3 Bg7 6. c3 Na6 7. e4 dxe4 8. Qa4+ Bd7 9. Qxe4 Nxc5 10. Qc2 f5 11. f3 a5 12. Na3 Rc8 13. Rd1 Qb6 14. Bc4 Na4 15. Rxd7 Rxc4 16. Nxc4 Qe6+ 17. Ne2 Qxd7 18. 0-0 b5 19. Ne5 Bxe5 20. Bxe5 Rh7 21. Nd4 e6 22. g4 Ne7 23. Re1 Rf7 24. Qb3 fxg4 25. fxg4 Nc6 26. Nxe6 Nd8 27. Nxd8 Nc5 28. Qxf7+ Qxf7 29. Nxf7 Kxf7 1-0

[Event "Deizisau op 12th"]
[Site "Deizisau"]
[Date "2017.10.29"]
[Round "3"]
[White "Janiszewski, Maciej"]
[Black "Ruff, Maximilian"]
[Result "1-0"]
[WhiteElo "2113"]
[BlackElo "2315"]
[PlyCount "109"]
[EventDate "2017.10.28"]
[EventType "swiss"]
[EventRounds "7"]
[EventCountry "GER"]
[SourceTitle "CBM 181 Extra"]
[Source "ChessBase"]
[SourceDate "2017.12.12"]
[SourceVersion "1"]
[SourceVersionDate "2017.12.12"]
[SourceQuality "1"]

1. e4 c5 2. Nf3 e6 3. d4 cxd4 4. Nxd4 a6 5. Be2 Nf6 6. Nc3 Qc7 7. 0-0 Bb4 8. Bg5 Bxc3 9. Bxf6 gxf6 10. bxc3 Qxc3 11. f4 Nc6 12. Nxc6 bxc6 13. Qd6 Qe3+ 14. Rf2 Qb6 15. Rd1 Rb8 16. f5 c5 17. Qg3 e5 18. Qg7 Rf8 19. Bc4 Qd8 20. Rfd2 Rb4 21. Bxa6 Rd4 22. Bxc8 Qxc8 23. Qxf6 Qb8 24. h3 Rg8 25. Kh2 d6 26. c3 Rxd2 27. Rxd2 Qd8 28. Qxd8+ Kxd8 29. Rxd6+ Ke7 30. Rc6 Ra8 31. Rxc5 Kf6 32. g4 Rxa2+ 33. Kg3 Re2 34. Rc6+ Kg7 35. Rc4 Re3+ 36. Kg2 h5 37. gxh5 Kh6 38. Rc7 Rxe4 39. Rxf7 Kxh5 40. Kf3 Rc4 41. Re7 Kg5 42. Rxe5 Rxc3+ 43. Ke4 Kf6 44. Re6+ Kg7 45. Rg6+ Kh7 46. Ke5 Rxh3 47. Kf6 Ra3 48. Rg7+ Kh8 49. Re7 Rf3 50. Kg6 Rg3+ 51. Kf7 Rf3 52. f6 Kh7 53. Ke8+ Kg6 54. f7 Ra3 55. Re6+ 1-0

[Event "Katowice POL-HUN 5th"]
[Site "Katowice"]
[Date "2017.05.21"]
[Round "9"]
[White "Rudecki, Bartosz"]
[Black "Janiszewski, Maciej"]
[Result "0-1"]
[WhiteElo "2007"]
[BlackElo "2097"]
[PlyCount "52"]
[EventDate "2017.05.20"]
[EventType "swiss (rapid)"]
[EventRounds "9"]
[EventCountry "POL"]
[SourceTitle "CBM 178 Extra"]
[Source "ChessBase"]
[SourceDate "2017.06.22"]
[SourceVersion "1"]
[SourceVersionDate "2017.06.22"]
[SourceQuality "1"]

1. e4 d5 2. exd5 Nf6 3. Bb5+ Nbd7 4. Be2 Nxd5 5. d4 c6 6. Nf3 Qc7 7. 0-0 e6 8. c4 Nf4 9. Bxf4 Qxf4 10. d5 exd5 11. cxd5 Bd6 12. g3 Qh6 13. dxc6 bxc6 14. Nd4 Ne5 15. f4 Ng6 16. Nb3 Bc7 17. Bf3 0-0 18. Bxc6 Bb6+ 19. Kh1 Ba6 20. Bxa8 Rxa8 21. N1d2 Rd8 22. Qg4 Bc8 23. Qg5 Qh3 24. Ne4 Bb7 25. Rfe1 f5 26. Nbc5 Rd2 0-1

[Event "Katowice POL-HUN 5th"]
[Site "Katowice"]
[Date "2017.05.20"]
[Round "3"]
[White "Lewicki, Miroslaw"]
[Black "Janiszewski, Maciej"]
[Result "1-0"]
[WhiteElo "2326"]
[BlackElo "2097"]
[PlyCount "43"]
[EventDate "2017.05.20"]
[EventType "swiss (rapid)"]
[EventRounds "9"]
[EventCountry "POL"]
[SourceTitle "CBM 178 Extra"]
[Source "ChessBase"]
[SourceDate "2017.06.22"]
[SourceVersion "1"]
[SourceVersionDate "2017.06.22"]
[SourceQuality "1"]

1. e4 d5 2. exd5 Nf6 3. d4 Bg4 4. Be2 Bxe2 5. Nxe2 Qxd5 6. 0-0 Nc6 7. Bf4 0-0-0 8. Nbc3 Qh5 9. h3 e5 10. Be3 Bc5 11. d5 Bxe3 12. fxe3 e4 13. Ng3 Qe5 14. Ngxe4 Nxd5 15. Qg4+ Kb8 16. Nxd5 Rxd5 17. Rxf7 Re8 18. Nc3 Qxe3+ 19. Kh1 Rg5 20. Qd7 Rc8 21. Rd1 a6 22. Qxc8+ 1-0

[Event "Marianske Lazne op 16th"]
[Site "Marianske Lazne"]
[Date "2017.01.25"]
[Round "6"]
[White "Haugli, Petter"]
[Black "Janiszewski, Maciej"]
[Result "1/2-1/2"]
[WhiteElo "2264"]
[BlackElo "2122"]
[PlyCount "111"]
[EventDate "2017.01.21"]
[EventType "swiss"]
[EventRounds "9"]
[EventCountry "CZE"]
[SourceTitle "CBM 176 Extra"]
[Source "ChessBase"]
[SourceDate "2017.03.02"]
[SourceVersion "1"]
[SourceVersionDate "2017.03.02"]
[SourceQuality "1"]

1. d4 d5 2. Nf3 e6 3. c4 c5 4. cxd5 exd5 5. Nc3 Nc6 6. dxc5 d4 7. Na4 Bxc5 8. Nxc5 Qa5+ 9. Bd2 Qxc5 10. Rc1 Qb6 11. e3 dxe3 12. Bxe3 Qb4+ 13. Bd2 Qe7+ 14. Be2 Nf6 15. 0-0 0-0 16. Re1 Be6 17. Bc4 Qd7 18. Bxe6 fxe6 19. Bc3 Nd5 20. Ne5 Nxe5 21. Bxe5 Qf7 22. Qd4 Qg6 23. Bg3 a5 24. Re4 Nb4 25. Rg4 Rad8 26. Rxg6 Rxd4 27. Rxg7+ Kxg7 28. Be5+ Kg6 29. Bxd4 Nxa2 30. Re1 Kf7 31. g4 Nb4 32. Bb6 Ra8 33. Re3 Nd5 34. Rb3 a4 35. Rb5 Ra6 36. Bd4 b6 37. f4 Ra7 38. f5 Rb7 39. g5 Ke7 40. h4 Kd6 41. g6 hxg6 42. fxg6 e5 43. Bxb6 Nxb6 44. h5 Ke6 45. h6 Kf6 46. g7 Kf7 47. Rxe5 Rb8 48. Rb5 Kg8 49. Kf2 Kh7 50. Rb4 Nd7 51. Rxb8 Nxb8 52. Ke3 Nc6 53. Kd3 Ne7 54. Kc4 Kxh6 55. Kb4 Kxg7 56. Kxa4 1/2-1/2

[Event "Slask-ch Bak Memorial"]
[Site "Chorzow"]
[Date "2016.09.18"]
[Round "3"]
[White "Janiszewski, Maciej"]
[Black "Bartosz, Piotr"]
[Result "1-0"]
[WhiteElo "2129"]
[BlackElo "1452"]
[PlyCount "29"]
[EventDate "2016.09.17"]
[EventType "swiss"]
[EventRounds "9"]
[EventCountry "POL"]
[SourceTitle "EXT 2018"]
[Source "ChessBase"]
[SourceDate "2017.10.13"]
[SourceVersion "1"]
[SourceVersionDate "2017.10.13"]
[SourceQuality "1"]

1. Nf3 d5 2. d4 Nc6 3. g3 g6 4. Bg2 Bg7 5. 0-0 e6 6. c4 Nge7 7. Nc3 dxc4 8. Qa4 0-0 9. Rd1 a6 10. Qxc4 b5 11. Qc5 Bb7 12. Bg5 h6 13. d5 Ne5 14. Bxe7 Nd7 15. Qa3 1-0

[Event "POL-chT 2nd League"]
[Site "Jastrzebia Gora"]
[Date "2016.09.09"]
[Round "7.86"]
[White "Szymczak, Rafal"]
[Black "Janiszewski, Maciej"]
[Result "1/2-1/2"]
[WhiteElo "2007"]
[BlackElo "2129"]
[PlyCount "40"]
[EventDate "2016.09.03"]
[EventType "team-swiss"]
[EventRounds "9"]
[EventCountry "POL"]
[SourceTitle "EXT 2017"]
[Source "ChessBase"]
[SourceDate "2016.10.25"]
[SourceVersion "1"]
[SourceVersionDate "2016.10.25"]
[SourceQuality "1"]
[WhiteTeam "Skoczek Trojanski"]
[BlackTeam "Ruda Slaska KS DORS"]
[WhiteTeamCountry "POL"]
[BlackTeamCountry "POL"]

1. f4 d5 2. Nf3 c5 3. g3 h5 4. Bg2 h4 5. Nc3 h3 6. Bf1 d4 7. Ne4 Qd5 8. Nf2 Nf6 9. c3 Nc6 10. d3 Bg4 11. Qb3 Bxf3 12. exf3 Qxf3 13. Be2 Qg2 14. c4 0-0-0 15. Bf1 Qf3 16. Be2 Qg2 17. Bf1 Qf3 18. Be2 Qg2 19. Bf1 Qf3 20. Be2 Qg2 1/2-1/2

[Event "Wroclaw-ch op-B"]
[Site "Wroclaw"]
[Date "2016.08.21"]
[Round "8.3"]
[White "Daleczko, Wladyslaw"]
[Black "Janiszewski, Maciej"]
[Result "0-1"]
[WhiteElo "1599"]
[BlackElo "2069"]
[PlyCount "74"]
[EventDate "2016.08.09"]
[EventType "swiss"]
[EventRounds "9"]
[EventCountry "POL"]
[SourceTitle "EXT 2023"]
[Source "ChessBase"]
[SourceDate "2022.10.05"]
[SourceVersion "1"]
[SourceVersionDate "2022.10.05"]
[SourceQuality "1"]

1. e4 d5 2. exd5 Nf6 3. Bb5+ Nbd7 4. c4 a6 5. Ba4 b5 6. Bb3 bxc4 7. Bxc4 Nb6 8. Bb3 Nfxd5 9. Nc3 Nf4 10. Qf3 Nd3+ 11. Ke2 Ne5 12. Qe3 Bb7 13. Qxe5 Bxg2 14. Nf3 Bxh1 15. Ng5 e6 16. Nxf7 Qf6 17. Qxf6 gxf6 18. Nxh8 Bd5 19. Nxd5 exd5 20. Bc2 Bg7 21. Bxh7 Bxh8 22. h4 Kf7 23. d4 Re8+ 24. Be3 f5 25. Kd3 Re4 26. h5 Ke6 27. b3 c5 28. Rg1 Bxd4 29. Rg6+ Bf6 30. Bxc5 Nd7 31. Bg8+ Ke5 32. Ba7 Rh4 33. h6 f4 34. h7 Kf5 35. Rg1 Ne5+ 36. Kd2 Nf3+ 37. Kd3 Nxg1 0-1